000 02322nam a22002057a 4500
003 CO-CtgCURN
005 20250402162403.0
008 250402b |||||||| |||| 00| 0 eng d
040 _ccoctgcurn
082 _a362.1
_bC778
110 _aCooperativa de Hospitales de Antioquia (COHAN)
245 _aRedes integradas de servicios de salud :
_buna aproximación desde Antioquia.
250 _aprimera edición
260 _aMedellín :
_bCooperativa de Hospitales de Antioquia (COHAN),
_c2012.
300 _a199 páginas
_btablas, gráficas.
505 _aContenido: Presentación -- Ejecución del proyecto -- Objetivo de redes integradas de servicios de salud para el departamento de Antioquia -- Revisión de experiencias internacionales relevantes en RISS -- Enfoques metodológicos para la conformación y operación de las RISS -- Características del marco jurídico para la conformación y operación de RISS en Colombia -- Análisis del marco jurídico para la conformación y operación de RISS en Colombia -- Revisión de experiencias nacionales e internacionales seleccionadas sobre equipos básicos de salud y coordinación entre niveles asistenciales, sociales y comunitarios, en el marco de la estrategia de la atención primaria en salud -- Propuestas para la conformación y operación de equipos básicos de salud en el departamento de Antioquia en el marco de la estrategia de atención primaria en salud -- Planificación y desarrollo de talento humano en salud -- Planificación del talento humano y desarrollo de sistemas de apoyo administrativo y asistencial para las RISS -- Aproximación a la conformación de redes integradas de servicios de salud en las subregiones del oriente y el suroeste de Antioquia -- Estrategias para conformar y operar las redes integradas de servicios de salud en las subregiones del oriente y suroeste de Antioquia
520 _aInforme final del curso taller adelantado bajo la tutoría de la Facultad Nacional de Salud Publica Héctor Abad Gómez de la Universidad de Antioquia: fundamentos conceptuales y metodológicos para la conformación y operación de redes integradas de servicios de salud (RISS) en el departamento de Antioquia.
650 _aRedes regionales de salud
_zAntioquia (Colombia)
942 _2ddc
_cBK
_h362.1
_iC778
_n0
999 _c27872
_d27872